000 00328nam a2200133Ia 4500
005 20260328104320.0
008 260328s9999||||xx |||||||||||||| ||und||
100 _aAbercrombie, Stanley
245 0 _aGwathmey Siegel /
_cStanley Abercrombie
260 _bGustavo Gili
300 _a118 p.
650 _aARQUITECTOS
942 _cBK
999 _c11312
_d11312